000 00555nam a2200181Ia 4500
008 220216s9999 xx 000 0 und d
100 _aSathik M B M
245 0 _aPromising new ortets of Hevea from small holdings of Kerala: Small scale evaluation in Dakshin Kannada district of Karnataka
260 _bRubber Science
_c2017
300 _a42-55
650 _aDakshin Kannada
650 _aHevea brasiliensis
650 _aOrtet selection
650 _aSmall scale evaluation
700 _aChandrasekhar T R
700 _aNazeer M A
942 _cBS
999 _c49095
_d49095